01150nam a2200265Ia 450000500170000000800410001702000150005804100080007308200200008111000130010124501130011425000220022730000280024949000240027750002020030165000530050365000670055665000570062365000550068026400260073533600270076133700330078833800280082104000350084920220316235253.0121119s2003 ck grl 000 0 spa  a95865324880 aspa04aR 346.046bC64C1 aColombia10aCódigo nacional de recursos naturales renovables y de protección al medio ambientebdecreto 2811 de 1974 aPrimera edición a478 páginase1 CD-ROM0 aCódigos básicos aAcompañado de: Ley 99 de 1993. Tratados y convenios internacionales sobre medio ambiente ratificados por Colombia y 1 CD-ROM, consultar el CD-ROM con número de clasificación : R 346.046 C64c14aControl ambientalxLegislaciónzColombia2LEMB14aProtección del medio ambientexLegislaciónzColombia2LEMB14aPolítica ambiental xLegislaciónzColombia2LEMB14aGestión ambientalxLegislaciónzColombia2LEMB aBogotábLegisc2003 atextobtxt2rdacontent asin mediaciónbn2rdamedia avolumenbnc2rdacarrier aCO-BoRNBPbspaerdacCO-BoRNBP